| 000 | 005060000a22001810004500 | ||
|---|---|---|---|
| 041 | 0 | _aSPA | |
| 082 | 0 | 4 | _aG 282 B4631d |
| 100 | 1 | _aBenedict, Samuel D. (1871-1935) | |
| 245 | 1 | 0 | _aLa doctrina católica y la Biblia / Samuel D. Benedict ; H. T. Marroquin, Traductor |
| 250 | _a3 | ||
| 260 | _aMexico : Casa Unida de Publicaciones | ||
| 300 | _a116 Pag | ||
| 001 | 8652 | ||
| 942 | _cBK | ||
| 999 |
_c38786 _d38786 |
||
| 336 |
_atexto _btxt _2rdacontent |
||
| 337 |
_2rdamedia _asin mediación _bn |
||
| 338 |
_2rdacarrier _avolumen _bnc |
||